00521nam a22001697a 450000500170000000800410001702000180005804000180007608200220009410000270011624500620014325000120020526000350021730000290025265000450028165000250032620250324095628.0250324b |||||||| |||| 00| 0 eng d a9780815368106 cAIMIT LIBRARY 21a004.019 bKIMG aKim, Gerard Jounghyun. aHuman computer interaction :bfundamentals and practice / a1st ed. aNew York :bCRC Press ;c2025. axiii,170p. ;bPBc23 cm. aInteractive system development framework aUser interface layer